Statistiche per Province della Calabria (con mappa)

Clicka qui per fare il quiz!

Statistiche generali

  • Questo quiz è stato fatto 2.120 volte
  • Il punteggio medio è 4 su 5

Risposte nella Mappa

Le risposte nella mappa del quiz sottostante sono codificate secondo una scala di colori dal rosso al verde in base alla % di persone che hanno risposto correttamente.
 

Statistiche sulle risposte

Provincia% Corretto
Reggio Calabria
97%
Catanzaro
93%
Cosenza
81%
Crotone
80%
Vibo Valentia
72%

Distribuzione punteggi

Percentile per numero di risposta

Percentuale di utenti per punteggio

I tuoi punteggi nel tempo

Non hai fatto questo quiz